Statistics for Fill the World Map by Tripoint joining Largest Countries

Click here to take the quiz!

General Stats

  • This quiz has been taken 783 times
  • The average score is 45 of 84

Answers on the Map

Answers color-coded by a green-red scale on the quiz's map according to % correct below.
 

Answer Stats

Country% Correct
China
100%
Kazakhstan
93%
Russia
93%
Argentina
81%
Brazil
81%
Paraguay
80%
Algeria
79%
Libya
79%
Niger
78%
Angola
73%
D. R. Congo
73%
Zambia
72%
Bangladesh
64%
India
64%
Myanmar
63%
Afghanistan
62%
Iran
62%
Pakistan
62%
Sudan
62%
Bolivia
61%
Central African Republic
61%
Chad
61%
Chile
61%
Peru
61%
Oman
60%
Saudi Arabia
60%
Yemen
60%
Namibia
59%
Botswana
58%
Ethiopia
58%
Kenya
58%
Mali
58%
Somalia
58%
South Africa
58%
Mauritania
57%
Senegal
57%
Belize
54%
Guatemala
54%
Mexico
54%
Iraq
52%
Syria
52%
Turkey
52%
Malawi
50%
Mozambique
50%
Tanzania
50%
Belarus
48%
Poland
48%
Ukraine
48%
Finland
47%
Norway
47%
Sweden
47%
Andorra
46%
France
46%
Spain
46%
Cambodia
45%
Laos
44%
Thailand
44%
Austria
42%
Cameroon
42%
Gabon
42%
Rep. of the Congo
42%
Czech Republic
41%
Germany
41%
Kyrgyzstan
41%
Tajikistan
41%
Uzbekistan
41%
Bulgaria
40%
Burkina Faso
40%
Côte d'Ivoire
40%
Ghana
40%
Romania
40%
Serbia
40%
Albania
36%
Armenia
36%
Azerbaijan
36%
Georgia
36%
Greece
36%
Guinea
36%
Liberia
36%
Macedonia
36%
Sierra Leone
36%
Croatia
35%
Hungary
35%
Slovenia
35%

Score Distribution

Percentile by Number Answered

Percent of People with Each Score

Your Score History

You have not taken this quiz